000 00355nam a2200145Ia 4500
008 100122s9999 xx 000 0 und d
082 _b33044
_a181.454
100 _aVASWANI J P
245 _aFROM HELL TO HEAVEN
260 _bMIR PUBLISHERS
_c1905
300 _a159
630 _aFROM HELL TO HEAVEN
730 _aFROM HELL TO HEAVEN
942 _cBOOK
999 _c370289
_d370286